| 000 | 01411nam a2200433 a 4500 | ||
|---|---|---|---|
| 008 | 031211s2003 xo gr 0 slo c | ||
| 020 |
_a8089104282 _cDar |
||
| 040 |
_aSNK _bslo _cSNK _eAACR2 |
||
| 041 | 1 | _aslo | |
| 044 |
_axo _cSK |
||
| 072 | 7 |
_a615 _2SNK |
|
| 072 | 7 |
_a616 _2SNK |
|
| 080 | _a615.03(048.8) | ||
| 080 | _a616-085:615.2(048.8) | ||
| 080 | _a616-08:615.2/.3 | ||
| 080 | _a615.03 | ||
| 080 | _a(048.8) | ||
| 100 | 1 |
_aMagulová, Lívia _4aut _4edt |
|
| 245 | 1 | 0 |
_aInterakcie liečiv v klinickej praxi _cLívia Magulová, Lýdia Božeková, Milan Kriška a kolektív |
| 250 | _a1. vyd. | ||
| 260 |
_aBratislava _bSlovak Academic Press _c2003 |
||
| 300 |
_a328 s. _btab. _c21 cm |
||
| 504 | _aBibliogr. odkazy. Vecný index | ||
| 650 | 0 | 7 |
_ainterakcie liekové _xmonografie _2SNK |
| 650 | 0 | 7 |
_afarmakoterapia _xmonografie _2SNK |
| 650 | 0 | 7 |
_afarmakológia klinická _xmonografie _2SNK |
| 650 | 0 | 7 |
_ainterakcie liekové _2SNK |
| 650 | 0 | 7 |
_afarmakoterapia _2SNK |
| 650 | 0 | 7 |
_afarmakológia klinická _2SNK |
| 650 | 0 | 7 |
_amonografia (publikačný typ) _2SNK |
| 650 | 0 | 7 |
_ainterakcie liečiv _2SNK |
| 650 | 0 | 7 |
_afarmakoterapia _2SNK |
| 650 | 0 | 7 |
_aklinická farmakológia _2SNK |
| 650 | 0 | 7 |
_aFarmácia. Farmakológia _2SNK |
| 650 | 0 | 7 |
_aPatológia. Klinická medicína _2SNK |
| 700 | 1 |
_aBožeková, Lýdia _d1945- _4aut _4edt |
|
| 700 | 1 |
_aKriška, Milan _d1940- _4aut _4edt |
|
| 958 | _aAPP | ||
| 999 |
_c19937 _d19937 |
||